| Tag |
First Indicator |
Second Indicator |
Subfields |
| LEADER |
00000cam a22000008a 4500 |
| 001 |
in00001117321 |
| 005 |
20150930071527.0 |
| 008 |
910528s1992 enk b 001 0 eng |
| 010 |
|
|
|a 91022575
|
| 015 |
|
|
|a GB91-87667
|
| 019 |
|
|
|a 24752334
|
| 020 |
|
|
|a 0198252919 (cloth) :
|c £25.00
|
| 020 |
|
|
|a 0198257554 (OPB) :
|c £9.95
|
| 035 |
|
|
|a (OCoLC)23973733
|
| 035 |
|
|
|9 AFW1475AM
|
| 040 |
|
|
|a DLC
|c DLC
|d UKM
|d OCL
|d AKR
|d TXA
|d UtOrBLW
|
| 043 |
|
|
|a e-uk---
|
| 049 |
|
|
|a TXAM
|
| 050 |
0 |
0 |
|a HQ471
|b .C377 1991
|
| 082 |
0 |
0 |
|a 363.4/7
|2 20
|
| 090 |
|
|
|a HQ471
|b .C377 1992
|
| 245 |
0 |
0 |
|a Pornography :
|b women, violence & civil liberties /
|c edited by Catherine Itzin.
|
| 263 |
|
|
|a 9111
|
| 264 |
|
1 |
|a Oxford [England] ;
|a New York :
|b Oxford University Press,
|c 1992.
|
| 300 |
|
|
|a ix, 645 pages ;
|c 23 cm.
|
| 336 |
|
|
|a text
|b txt
|2 rdacontent
|
| 337 |
|
|
|a unmediated
|b n
|2 rdamedia
|
| 338 |
|
|
|a volume
|b nc
|2 rdacarrier
|
| 504 |
|
|
|a Includes bibliographical references.
|
| 650 |
|
0 |
|a Pornography
|x Social aspects.
|
| 650 |
|
0 |
|a Pornography
|x Social aspects
|z Great Britain.
|
| 650 |
|
0 |
|a Censorship.
|
| 700 |
1 |
|
|a Itzin, Catherine,
|d 1944-2010.
|
| 999 |
|
|
|a MARS
|
| 999 |
f |
f |
|s 5a438549-d2af-3dda-bc92-4ea4e337f4ae
|i 370092fd-7915-3ec7-baa2-a7d0c95dc5dc
|t 0
|
| 952 |
f |
f |
|p ric
|a Texas A&M University
|b Rellis Campus
|c Joint Library Facility
|d Remote Storage
|t 0
|e HQ471 .C377 1992
|h Library of Congress classification
|i unmediated -- volume
|m A14817129422
|
| 998 |
f |
f |
|a HQ471 .C377 1992
|t 0
|l Remote Storage
|